[Event "Wch U12 rapid"]
[Site "Batumi"]
[Date "2023.06.07"]
[Round "7"]
[White "Arakelyan, Manvel"]
[Black "Isakhanyan, Avik"]
[Result "1-0"]
[WhiteElo "1657"]
[BlackElo "1323"]
[PlyCount "54"]
[EventDate "2023.06.06"]
[EventType "swiss (rapid)"]
[EventRounds "11"]
[EventCountry "GEO"]
[SourceTitle "EXT 2024"]
[Source "ChessBase"]
[SourceDate "2023.10.10"]
[SourceVersion "1"]
[SourceVersionDate "2023.10.10"]
[SourceQuality "1"]
[WhiteTeam "Armenia"]
[BlackTeam "Armenia"]
[WhiteTeamCountry "ARM"]
[BlackTeamCountry "ARM"]

1. e4 e6 2. d4 d5 3. Nd2 Nf6 4. e5 Nfd7 5. Bd3 c5 6. c3 Nc6 7. Ne2 cxd4 8. cxd4 f6 9. exf6 Nxf6 10. Nf3 Bd6 11. 0-0 0-0 12. Bf4 Bxf4 13. Nxf4 Qd6 14. g3 Bd7 15. Re1 Nxd4 16. Bxh7+ Nxh7 17. Qxd4 Rae8 18. Re5 Rf5 19. Rae1 Rxe5 20. Rxe5 Nf6 21. Rg5 e5 22. Rxe5 Rxe5 23. Nxe5 Bc6 24. Nfg6 Nd7 25. Qf4 Nxe5 26. Nxe5 d4 27. Nxc6 bxc6 1-0